000 00432nam a2200169Ia 4500
008 231221s9999 xx 000 0 und d
041 _aEnglish
082 _a001.6424C BAL R
100 _aBaluja, G S
245 0 _aData structures through C : a practical approach
250 _a2nd ed.
260 _c2005
_bDhanpath Rai
_aDelhi
300 _axv+12.24
300 _c38843
650 _astructures,through,C,:
942 _cCD
999 _c203336
_d203336